सर्वोत्तम भूमिपुत्र: गोतम बुद्ध / (Record no. 22329)
[ view plain ]
| 000 -LEADER | |
|---|---|
| fixed length control field | 01103nam a22002297a 4500 |
| 008 - FIXED-LENGTH DATA ELEMENTS--GENERAL INFORMATION | |
| fixed length control field | 081007t xxu||||| |||| 00| 0 mar |
| 010 ## - LCCN (DPL NO) | |
| LC control number | MAR-20020 |
| 020 ## - INTERNATIONAL STANDARD BOOK NUMBER | |
| Terms of availability | 380.00 |
| 035 ## - SYSTEM CONTROL NUMBER | |
| System control number | MR-12678 |
| 037 ## - SOURCE OF ACQUISITION | |
| Source of stock number/acquisition | D.B.Act /pub |
| 082 ## - DEWEY DECIMAL CLASSIFICATION NUMBER | |
| Classification number | 294.3 |
| 100 ## - MAIN ENTRY--PERSONAL NAME | |
| Personal name | साळुंखे, आ.ह. |
| 9 (RLIN) | 37580 |
| 245 ## - TITLE STATEMENT | |
| Title | सर्वोत्तम भूमिपुत्र: गोतम बुद्ध / |
| Statement of responsibility, etc | आ.ह. साळुंखे |
| 246 ## - VARYING FORM OF TITLE | |
| Title proper/short title | Savottam Bhumiputra: Gotam Buddha |
| Remainder of title | by A.H.Salunkhe |
| 260 ## - PUBLICATION, DISTRIBUTION, ETC. (IMPRINT) | |
| Place of publication, distribution, etc | सातारा |
| Name of publisher, distributor, etc | लोकायत प्रकाशन |
| Date of publication, distribution, etc | 2007 |
| 270 ## - ADDRESS | |
| Address | 13 यशवंतनगर, गेंडा माळ |
| City | सातारा |
| Postal code | 415002 |
| Telephone number | 02162-252788, 250725 |
| 300 ## - PHYSICAL DESCRIPTION | |
| Extent | 648 पृ |
| Dimensions | 22सेमी (सजिल्द) |
| 650 ## - SUBJECT ADDED ENTRY--TOPICAL TERM | |
| Topical term or geographic name as entry element | मराठी |
| 9 (RLIN) | 37581 |
| 650 ## - SUBJECT ADDED ENTRY--TOPICAL TERM | |
| Topical term or geographic name as entry element | Marathi |
| 9 (RLIN) | 37582 |
| 942 ## - ADDED ENTRY ELEMENTS (KOHA) | |
| Source of classification or shelving scheme | Dewey Decimal Classification |
| Item type | Marathi Books |
| Call number suffix | साळुंखे |
| Classification part | 294.3 |
| Withdrawn status | Lost status | Source of classification or shelving scheme | Damaged status | Not for loan | Collection code | Home library | Current library | Date acquired | Source of acquisition | Cost, normal purchase price | Total Checkouts | Full call number | Barcode | Date last seen | Copy number | Cost, replacement price | Koha item type |
|---|---|---|---|---|---|---|---|---|---|---|---|---|---|---|---|---|---|
| Dewey Decimal Classification | Not For Loan | Non-fiction | D.B.Act.Division | D.B.Act.Division | 23/01/2009 | DBAD | 380.00 | 294.3 साळुंखे | MR-12678 | 23/01/2009 | 1 | 380.00 | Marathi Books |
